MDQL
is popping MORE tags! Check the
thread
!
Quizzes
Events
Quiz Creation
Community
Videos
Private Events
Remove Ads
Sign In
Join for FREE
Feedback
Dark Mode
Quiz Categories
Sports
Geography
Music
Movies
Television
Just For Fun
Miscellaneous
History
Literature
Language
Science
Gaming
Entertainment
Religion
Holiday
For Kids
Quiz Lab
Recent
Popular Today
Quiz Kudos Today
Editor Picks
Curator Picks
Quizzes by...
Day
Popularity
Type
Ratings
Length
Year
Community
Subscriptions
Recent Discussions
Orange Saloon
Badges
Playlists
Quests
Create
Leaderboards
Showdown
Live 5
Trivia Bingo
Activity
Puzzle Library
Sporcle Events
Private Events
Virtual Trivia
Globe League
Become a Host
Pub Owners
SporcleCon
Opinionation
Our Games
Videos
Blog
Mobile Apps
Partnerships
Remove Ads and Go Orange
Feedback
Sports
Athletes
MLB
NBA
NHL
NFL
Soccer
Sports Teams
WWE
NCAA
Football
Premier League
Basketball
Baseball
Hockey
Golf
Tennis
Cricket
Rugby
Auto Racing
Olympics
World Cup
Sports
Athletes
MLB
NBA
NHL
NFL
Soccer
Sports Teams
WWE
NCAA
Football
Premier League
Basketball
Baseball
Hockey
Golf
Tennis
Cricket
Rugby
Auto Racing
Olympics
World Cup
Random Quiz
Search Sporcle
×
Quiz Lab
Quiz Lab
Sports
Numbers
Type in answers that appear in a list
Type in answers that appear in a list
Classic
Best Score? Go Orange.
Sheffield Wednesday Number 10's Stats
Can you name the players to have worn the Number 10 shirt for Sheff Wed since squad numbers began in 1993?
By
sheff_owl
8m
35 Questions
191 Plays
191 Plays
191 Plays
Comments
Comments
Give Quiz Kudos
Give Quiz Kudos
-
- Ratings
hide this ad
Replay
Link that replays current quiz
Next Quiz
Link to next quiz in quiz playlist
You Got
0%
They Got
Avg Score
39%
Avg Friend Score
Upgrade to see
Score Distribution
Jump to the score distribution portion of the page
Score
0/35
Timer
08:00
0
Plays Today
Season
Player
% Correct
2022/
23
Barry Bannan
100%
2023/
24
Barry Bannan
100%
2021/
22
Barry Bannan
95%
2020/
21
Barry Bannan
87.9%
2019/
20
Barry Bannan
82.1%
2018/
19
Barry Bannan
78.9%
1993/
94
Mark Bright
78.5%
1994/
95
Mark Bright
78.5%
1995/
96
Mark Bright
78.5%
2017/
18
Barry Bannan
77.8%
1996/
97
Andy Booth
66.5%
1997/
98
Andy Booth
66.5%
1998/
99
Andy Booth
66.5%
1999/
2000
Andy Booth
66.5%
2006/
07
Deon Burton
62.8%
2007/
08
Deon Burton
62.8%
2008/
09
Deon Burton
62.8%
2004/
05
Lee Peacock
59.7%
Season
Player
% Correct
2005/
06
Lee Peacock
59.7%
2012/
13
Chris Maguire
50.3%
2014/
15
Chris Maguire
49.3%
2011/
12
Ben Marshall
47.6%
2000/
01
Giles De Bilde
46.1%
2015/
16
Lewis McGugan
43.2%
2016/
17
Callum McManaman
32.7%
2002/
03
Lloyd Owusu
31.4%
2003/
04
Lloyd Owusu
31.4%
2011/
12
Keith Treacy
31.4%
2009/
10
Akpo Sodje
28.3%
2013/
14
Jacques Maghoma
27.2%
2008/
09
Darren Potter
26.7%
2010/
11
Giles Coke
26.2%
2005/
06
Leon Best
19.4%
2011/
12
John Bostock
19.3%
2001/
02
Pablo Bonvin
14.1%
Quiz Playlist
Details
Report
Send in Message
Add To Playlist
Classic:
Type in answers that appear in a list
Last Updated: Aug 13, 2017
Quiz Scoreboard
CHALLENGE
Sign Up to Join the Scoreboard
Show All
Scores
Hide
Comments
May contain spoilers
Recently Published
Two Season TV Shows II
by 123Four
Television
10m
Image Sorting: Flags VI
by Barbecue
Geography
2m
Find the 'City' Movie
by crazypaving
Movies
60s
More to Explore
Quiz From the Vault
Featured Blog Post
14 Easter Pick-up Lines to Find Eggs With
hide this ad
You Might Also Like...
Tags
Football Quiz
Nintendo Quiz
Numbers Quiz
Soccer Quiz
Association Football
Football Clubs
Sheffield Wednesday
Squad Numbers
Yorkshire
Today's Top Quizzes in Sports
Browse Sports
hide this ad
Today's Top Quizzes in Numbers
Browse Numbers
Top Contributed Quizzes in Sports
1
Les meilleurs buteurs des matchs entre le PSG et l’OM
2
Les entraîneurs de l'OM et du PSG au 21e siècle
3
2022 World Cup Stars
4
Les joueurs passés par le PSG et l'OM
5
Players with Multiple 50 Home Run Seasons
6
Criteria MLB: Left Handed Sluggers
7
FIFA Club World Cup Champions
8
Les joueurs passés par le LOSC et le RC Lens
9
NBA Logic Puzzle 2.0
10
Top 10 NHL Goal Scorers of All Time
Explore More
Trending Topics
Disney
Harry Potter
Crossword
Kpop
Marvel
NBA
Anime
Country
Soccer
The Office
NFL
Song
WWE
Pokémon
Puzzle
hide this ad
More By:
sheff_owl
Quiz
Plays
Rating
Category
Featured
Created
Suburbs of Sheffield, UK
3,463
4.57
Geography
Dec 28, 2010
Formula 1 Race Winners (10 wins or more)
1,959
4.71
Sports
Mar 19, 2013
Sheffield Wednesday Goalkeepers (1992-Present)
1,694
5.00
Sports
Dec 12, 2011
Sheffield Wednesday Nationalities
1,359
4.80
Sports
Mar 21, 2012
Dallas Characters by Appearances
1,242
3.00
Television
Mar 6, 2013
Go to Creator's Profile
Score Distribution
Quiz Creator Spotlight
sheff_owl
Follow
Send a Message
Quizzes Created
-
Created Quiz Play Count
-
More By This Creator
Popular Quizzes Today
1
Find the US States - No Outlines Minefield
2
Colored Red Africa Blitz
3
Find the 'City' Movie
4
5x2 Blitz: Bands
5
The Countries of the World
6
Find the Countries of Europe - No Outlines Minefield
7
Find the US States
8
US States
More Sports Quizzes
WWE NXT: Top 100 Most Wins Of All Time
Quiz Lab
Trending Quizzes
Colored Red Europe Blitz I
Colored Red Africa Blitz II
Colored Red Europe Blitz II
Colored Red Africa Blitz III
Colored Red Europe Blitz III
Recently Updated
How Do You Spell That?
pecheneg
Godzilla Movies
pecheneg
Grab Bag: 4-10 Letters
pecheneg
2024 March Madness Bracket
pecheneg
Famous TV Couples
Peacemaker
Champions League XIs: Real Madrid
pecheneg
Largest US Cities 1790-2010
pecheneg
Rides in Walt Disney World
pecheneg
Most Oscar Losses (Acting)
pecheneg
Beyoncé Albums
pecheneg
Trending Topics
NBA
Kpop
Marvel
Anime
Crossword
Harry Potter
Disney
Puzzle
NFL
Country
Song
The Office
Soccer
WWE
Pokémon
Your Account Isn't Verified!
In order to create a playlist on Sporcle, you need to verify the email address you used during registration. Go to your
Sporcle Settings
to finish the process.
Report this User
Report this user for behavior that violates our
Community Guidelines
.
Details:
Send Report
Go to the Sporcle.com Mobile Site →
Comments